| 000 | 00593nam a2200181 i 4500 | ||
|---|---|---|---|
| 001 | bg | ||
| 100 | 1 | _aPIECHNIK, Stefan | |
| 245 | 0 |
_aPręty cienkościenne : _bpodstawy teorii i przykłady. _nCz. 1, _pPręty o profilu otwartym / _cStefan Piechnik ; Politechnika Krakowska im. Tadeusza Kościuszki. |
|
| 260 |
_aKraków : _bPK, _c1992. |
||
| 300 |
_a106 s. : _brys. _c24 cm. |
||
| 504 | _aBibliogr. s. 106. | ||
| 710 | _aPOLITECHNIKA KRAKOWSKA (Kraków) | ||
| 040 | _cBPK | ||
| 041 | _apol | ||
| 080 | _a624.01/.07:539.3/.6](075.8) | ||
| 942 | _cKS | ||
| 008 | s pl f |000 0 pol | ||
| 999 |
_c5572 _d5572 |
||
| 856 |
_uhttp://koha.tu.koszalin.pl/cgi-bin/koha/opac-detail.pl?biblionumber=5572 _yKatalog online BPK |
||